000
00288nam a22001097a 4500
008
131217t xxu||||| |||| 00| 0 eng d
020
_a
978-0-00-781547-0
100
_a
Agatha Christie
_9
436
245
_a
The Mysterious Affair at Styles
_b
Poirot's First Case
300
_a
340
942
_2
ddc
_c
BK
999
_c
16707
_d
16707